书目信息 |
| 题名: |
餐饮服务食品安全操作指南
|
|
| 作者: | ;湖北省团餐快餐生产供应协会 组织编写 | |
| 分册: | ||
| 出版信息: | 北京 中国医药科技出版社 2017 |
|
| 页数: | 10, 236页 | |
| 开本: | 26cm | |
| 丛书名: | ||
| 单 册: | ||
| 中图分类: | R155.6-62 | |
| 科图分类: | ||
| 主题词: | 饮食业--yin shi ye--食品安全--中国--指南 | |
| 电子资源: | ||
| ISBN: | 978-7-5067-8163-3 | |
| 000 | 01180nam0 2200277 450 | |
| 001 | 012001000158 | |
| 005 | 20131105132345.0 | |
| 010 | @a978-7-5067-8163-3@dCNY50.00 | |
| 099 | @aCAL 012017114237 | |
| 100 | @a20170707d2017 em y0chiy50 ea | |
| 101 | 0 | @achi |
| 102 | @aCN@b110000 | |
| 105 | @aak z 000yy | |
| 106 | @ar | |
| 200 | 1 | @a餐饮服务食品安全操作指南@Acan yin fu wu shi pin an quan cao zuo zhi nan@f湖北省团餐快餐生产供应协会组织编写 |
| 210 | @a北京@c中国医药科技出版社@d2017 | |
| 215 | @a10, 236页@c图@d26cm | |
| 300 | @a全国餐饮企业食品案例管理人员统一培训教材 | |
| 312 | @a英文题名取自封面 | |
| 330 | @a本书主要介绍了食品安全基础、食品安全风险控制、餐饮服务食品安全基础管理、人员管理、设施设备管理、操作岗位管理, 以及重大活动食品安全保障、不同餐饮业态食品安全关键风险点控制、餐饮服务食品安全监管等知识。 | |
| 510 | 1 | @aOperation guide of food safety in catering services@zeng |
| 606 | 0 | @a饮食业@Ayin shi ye@x食品安全@y中国@j指南 |
| 690 | @aR155.6-62@v5 | |
| 711 | 02 | @a湖北省团餐快餐生产供应协会@Ahu bei sheng tuan can kuai can sheng chan gong ying xie hui@4组织编写 |
| 801 | 0 | @aCN@b北京卓展文化@c20191020 |
| 905 | @b1195551-4@dR155.6-62@e133@f4 | |
| 餐饮服务食品安全操作指南/湖北省团餐快餐生产供应协会组织编写.-北京:中国医药科技出版社,2017 |
| 10, 236页:图;26cm |
| 全国餐饮企业食品案例管理人员统一培训教材 |
| ISBN 978-7-5067-8163-3:CNY50.00 |
| 本书主要介绍了食品安全基础、食品安全风险控制、餐饮服务食品安全基础管理、人员管理、设施设备管理、操作岗位管理, 以及重大活动食品安全保障、不同餐饮业态食品安全关键风险点控制、餐饮服务食品安全监管等知识。 |
| ● |
| 相关链接 |
|
|
|
|
正题名:餐饮服务食品安全操作指南
索取号:R155.6-62/133
 
预约/预借
| 序号 | 登录号 | 条形码 | 馆藏地/架位号 | 状态 | 备注 |
| 1 | 1195551 | 211955516 | 第二样本阅览室/ [索取号:R155.6-62/133] | 在馆 | |
| 2 | 1195552 | 211955525 | 第三借阅区/ [索取号:R155.6-62/133] | 在馆 | |
| 3 | 1195553 | 211955534 | 第三借阅区/ [索取号:R155.6-62/133] | 在馆 | |
| 4 | 1195554 | 211955543 | 第三借阅区/ [索取号:R155.6-62/133] | 在馆 |